Statistics for Stupid Game Show Answers

Click here to take the quiz!

General Stats

  • This quiz has been taken 101 times
  • The average score is 3 of 15

Answer Stats

QuestionStupid answer% Correct
Name a yellow fruitOrange
75%
Name something that can kill a lively partyA gun
51%
Name something your car can have two ofWheels
48%
Around what month of pregnancy does a woman begin to look pregnantSeptember
30%
Name a part of the body beginning with the letter 'N'Knee
23%
What might you leave on after going to bed?Shoes
21%
Name something you might buy that could later turn out to be phonyA horse
16%
Name a part of a telephoneThe bottom part
14%
Name something you feel before you buy itExcited
14%
Where would you keep a pen?Zoo
6%
What's a part of the body that everybody has only one of?Big toe
5%
What is your husband's favourite rodent?His saxophone
4%
The law of what organisation ends by stating its members are 'Brave, clean and reverent'?Alcoholics Anonymous
4%
What 'U' are the eastern Europeans who started the tradition of painting Easter eggs?Yugoslavians
3%
What classification of animals are dinosaurs?Pleiocetenesous
1%

Score Distribution

Percentile by Number Answered

Percent of People with Each Score

Your Score History

You have not taken this quiz